[Event "Glorney Cup"]
[Site "Stirling"]
[Date "2023.08.18"]
[Round "2"]
[White "Agrawal, Shivam"]
[Black "Chung, Joel"]
[Result "1-0"]
[WhiteElo "1949"]
[BlackElo "1454"]
[PlyCount "133"]
[EventDate "2023.08.18"]
[EventType "team-tourn"]
[EventRounds "6"]
[EventCountry "SCO"]
[SourceTitle "CBM 216 Extra"]
[Source "ChessBase"]
[SourceDate "2023.11.30"]
[SourceVersion "1"]
[SourceVersionDate "2023.11.30"]
[SourceQuality "1"]
[WhiteTeam "England"]
[BlackTeam "Wales"]
[WhiteTeamCountry "ENG"]
[BlackTeamCountry "WLS"]

1. d4 d5 2. c4 c6 3. Nc3 e6 4. e3 Nf6 5. Nf3 Nbd7 6. Qc2 Bd6 7. b3 dxc4 8. Bxc4 b5 9. Be2 a6 10. 0-0 Bb7 11. Rd1 Qb8 12. Bb2 0-0 13. Rac1 c5 14. h3 cxd4 15. Nxd4 Rc8 16. Qb1 Nb6 17. Bf3 b4 18. Ne4 Nxe4 19. Bxe4 Bxe4 20. Qxe4 Nd5 21. Nxe6 Nc3 22. Bxc3 bxc3 23. Ng5 g6 24. Qd5 Bh2+ 25. Kh1 Ra7 26. f4 Bg3 27. Rd3 c2 28. Rd2 Qb4 29. Nf3 Rac7 30. Ng5 Re7 31. Re2 Qa3 32. Qd2 Rd7 33. Rxc2 Rxd2 34. Rxc8+ Kg7 35. Rxd2 Qa5 36. Rcd8 h6 37. Ne4 Be1 38. Rd1 Bb4 39. a4 Qb6 40. R1d3 Qc6 41. Nd6 g5 42. fxg5 hxg5 43. Nc4 a5 44. R8d7 Qf6 45. Nd6 Qa1+ 46. Kh2 Qe5+ 47. Kg1 Qa1+ 48. Kh2 Qe5+ 49. g3 Kg6 50. Nxf7 Qb2+ 51. Kg1 Qc1+ 52. Kg2 Qc2+ 53. Kf3 Qc6+ 54. R3d5 Qf6+ 55. Ke4 Qc3 56. Rxg5+ Kf6 57. Rf5+ Ke6 58. Rdd5 Qc2+ 59. Kf4 Ba3 60. Ng5+ Ke7 61. Rfe5+ Kf8 62. Rd8+ Kg7 63. Rd7+ Kg8 64. Re8+ Bf8 65. Ne6 Qf2+ 66. Kg4 Qe2+ 67. Kh4 1-0